[Event "Fisher knockout"]
[Site "SchemingMind.com"]
[Date "2008.02.13"]
[Round "-"]
[White "mmccaffe"]
[Black "SLAINTIE MHATH"]
[Result "1-0"]
[WhiteCountry "USA"]
[BlackCountry "POL"]
[WhiteElo "1576"]
[WhiteRD "52"]
[BlackElo "1591"]
[BlackRD "45"]
[GameID "141358"]

1. Nf3 c5 2. g3 Nc6 3. Bg2 d5 4. O-O Nf6 5. d3 h6 6. Nbd2 e6 7. e4 Be7 8. Re1 O-O 9. Qe2 d4 10. a4 Nb4
11. Qd1 Bd6 12. e5 Bc7 13. exf6 Qxf6 14. Ne4 Qe7 15. Ned2 f6 16. Nc4 e5 17. Nh4 Qf7 18. c3 Nd5 19. cxd4 cxd4 20. Qf3 Be6
21. Nf5 Bxf5 22. Qxf5 Ne7 23. Qf3 Rab8 24. g4 Ng6 25. Qd5 Qxd5 26. Bxd5+ Kh8 27. Bd2 Rfd8 28. Bg2 b6 29. Be4 Kh7 30. h4 Rf8
31. h5 Rfd8 32. Bxg6+ Kh8 33. Rec1 Bd6 34. Nxd6 Rxd6 35. Rc2 a5 36. Rac1 Rdd8 37. Rc7 Rf8 38. Re7
1-0

[Event "Fisher knockout"]
[Site "SchemingMind.com"]
[Date "2008.02.13"]
[Round "-"]
[White "SLAINTIE MHATH"]
[Black "mmccaffe"]
[Result "0-1"]
[WhiteCountry "POL"]
[BlackCountry "USA"]
[WhiteElo "1653"]
[WhiteRD "49"]
[BlackElo "1560"]
[BlackRD "54"]
[GameID "141370"]

1. Nf3 Nf6 2. b3 g6 3. Bb2 Bg7 4. e3 O-O 5. h3 d6 6. g4 e5 7. d3 Nc6 8. Nbd2 Ne8 9. e4 Nf6 10. Qe2 b6
11. a3 Bb7 12. O-O-O a5 13. Rg1 Nb8 14. h4 h5 15. gxh5 Nxh5 16. Rg5 Nf4 17. Qe1 Nd7 18. Nh2 Nf6 19. Ndf3 a4 20. Nd2 axb3
21. Nxb3 b5 22. d4 Qe8 23. d5 c5 24. dxc6 Qxc6 25. f3 Rac8 26. Rd2 d5 27. Bxe5 dxe4 28. Bxf6 Bxf6 29. Rg4 Nd3+ 30. Bxd3 exd3
31. Rxd3 Qxc2#
0-1

[Event "Fisher knockout"]
[Site "SchemingMind.com"]
[Date "2008.02.27"]
[Round "-"]
[White "schakert"]
[Black "Kenny Elliott"]
[Result "1-0"]
[WhiteCountry "NED"]
[BlackCountry "USA"]
[WhiteElo "1798"]
[WhiteRD "71"]
[BlackElo "1533"]
[BlackRD "85"]
[GameID "143575"]

1. e4 c5 2. Nf3 d6 3. d4 cxd4 4. Nxd4 Nf6 5. Nc3 Nc6 6. Bg5 e6 7. Bb5 Bd7 8. O-O e5 9. Nf3 a6 10. Ba4 b5
11. Bb3 Be7 12. Re1 O-O 13. Qe2 Bg4 14. h3 Bxf3 15. Qxf3 Nd4 16. Qd3 Nxb3 17. axb3 h6 18. Bxf6 Bxf6 19. Nd5 Bg5 20. c4 bxc4
21. bxc4 a5 22. Red1 Qb8 23. b3 Qa7 24. Nc3 Rfd8 25. Nb5 Qb6 26. Qd5 Ra6 27. Rd3 g6 28. Rad1 Be7 29. Rf3 Rf8 30. Nc3 Qc7
31. Qb5 Qb6 32. Qxb6 Rxb6 33. Nd5 Rb7 34. Rfd3 Bg5 35. g3 Rfb8 36. f4 exf4 37. gxf4 Be7 38. Kg2 f6 39. f5 g5 40. Kf3 h5
41. Rb1 Kf7 42. h4 gxh4 43. Kg2 Rg8+ 44. Kh3 Rg4 45. Ra1 Rxe4 46. Rxa5 Rb8 47. Ra7 Rg8 48. Rxe7+ Rxe7 49. Nxe7 Kxe7 50. Kxh4 Rg5
51. Rd5 Kd7 52. c5 Kc7 53. cxd6+ Kc6 54. d7 Kxd5 55. d8=Q+ Ke5 56. b4 Kxf5 57. b5 Kg6 58. Qd3+ Kg7 59. b6 Kh6 60. Qe3 Kg6
61. b7 Rg4+ 62. Kh3 Rb4 63. b8=Q Rxb8 64. Qg3+
1-0

[Event "Fisher knockout"]
[Site "SchemingMind.com"]
[Date "2008.02.27"]
[Round "-"]
[White "cmh0114"]
[Black "z"]
[Result "0-1"]
[WhiteCountry "USA"]
[BlackCountry "IRQ"]
[WhiteElo "1063"]
[WhiteRD "167"]
[BlackElo "1796"]
[BlackRD "55"]
[GameID "143576"]

1. e4 e6 2. d4 d5 3. e5 c5 4. c3 Nc6 5. Nf3 Bd7 6. Be3 Qb6 7. dxc5 Bxc5 8. Bxc5 Qxc5 9. Nbd2 Nge7 10. Nb3 Qb6
0-1

[Event "Fisher knockout"]
[Site "SchemingMind.com"]
[Date "2008.02.27"]
[Round "-"]
[White "Kenny Elliott"]
[Black "schakert"]
[Result "1-0"]
[WhiteCountry "USA"]
[BlackCountry "NED"]
[WhiteElo "1517"]
[WhiteRD "82"]
[BlackElo "1802"]
[BlackRD "78"]
[GameID "143584"]

1. d4 d5 2. c4 e5 3. dxe5 d4 4. Nf3 Nc6 5. g3 Be6 6. Nbd2 Bb4 7. Bg2 Bxc4 8. O-O Bd5 9. a3 Bc5 10. b4 Bb6
11. Bb2 Qe7 12. Re1 O-O-O 13. b5 Nxe5 14. a4 Nxf3+ 15. Nxf3 Ba5 16. Rf1 Bc3 17. Bxc3 dxc3 18. Qe1 Nf6 19. Qxc3 h5 20. a5 Kb8
21. e3 Ne4 22. Qc2 f6 23. Nd4 h4 24. Nf5 Qe5 25. Nxh4 Qh5 26. Bxe4 Bxe4 27. Qxe4
1-0

[Event "Fisher knockout"]
[Site "SchemingMind.com"]
[Date "2008.02.26"]
[Round "-"]
[White "z"]
[Black "cmh0114"]
[Result "1-0"]
[WhiteCountry "IRQ"]
[BlackCountry "USA"]
[WhiteElo "1796"]
[WhiteRD "55"]
[BlackElo "1063"]
[BlackRD "167"]
[GameID "143585"]

1. c4 e5 2. Nc3 Nc6 3. g3 Nf6 4. Bg2 Bc5 5. h3 d6 6. d3 Nd4 7. e3 Nc6 8. Nge2 O-O 9. O-O Be6 10. a3 d5
11. d4
1-0

[Event "Fisher knockout"]
[Site "SchemingMind.com"]
[Date "2008.02.27"]
[Round "-"]
[White "toguints"]
[Black "MazetaFighter"]
[Result "0-1"]
[WhiteCountry "PHI"]
[BlackCountry "GRE"]
[WhiteElo "1231"]
[WhiteRD "91"]
[BlackElo "1956"]
[BlackRD "79"]
[GameID "143718"]

1. d4 d5 2. e3 Nf6 3. Nf3 e6 4. Be2 c5 5. O-O Nc6 6. Bb5 Bd6 7. dxc5 Bxc5 8. Bxc6+ bxc6 9. Nc3 Qc7 10. Re1 O-O
11. g3 Rd8 12. Na4 Bd6 13. b3 e5 14. Bb2 Bg4 15. h3 Bxh3 16. Qc1 Bg4 17. Nh2 Bf5 18. Qd2 Ne4 19. Qd1 Qe7 20. Qf3 Bg6
21. Rad1 Ng5 22. Qg2 Bxc2 23. Rc1 Be4 24. f3 Bd3 25. f4 Be4 26. Qd2 Nf3+ 27. Nxf3 Bxf3 28. Rxc6 Bb4 29. Bc3 Qb7 30. Rf6 Bxc3
31. Nc5 Bxd2 32. Nxb7 Bxe1 33. Ra6 d4 34. Nxd8 Rxd8 35. exd4 exd4 36. Kf1 d3
0-1

[Event "Fisher knockout"]
[Site "SchemingMind.com"]
[Date "2008.02.28"]
[Round "-"]
[White "aston294"]
[Black "Clive Everill"]
[Result "0-1"]
[WhiteCountry "ENG"]
[BlackCountry "CZE"]
[WhiteElo "1074"]
[WhiteRD "91"]
[BlackElo "1680"]
[BlackRD "52"]
[GameID "143719"]

1. d4 f5 2. f4 Nf6 3. Nc3 e6 4. e3 Be7 5. Bb5 O-O 6. g3 c6 7. Bc4 d5 8. Bd3 Nbd7 9. b4 Ne4 10. Nxe4 fxe4
11. Be2 Bxb4+ 12. Bd2 Bxd2+ 13. Qxd2 Nf6 14. Rb1 b6 15. c3 c5 16. Qb2 c4 17. Qa3 Qc7 18. Nh3 Bd7 19. Ng5 h6 20. Nh3 Rab8
21. O-O b5 22. Rfd1 a5 23. Bh5 Rb7 24. g4 Nxh5 25. f5 Nf6 26. Nf4 exf5 27. Ng6 Re8 28. gxf5 Bxf5 29. Nf4 Bg4 30. Rf1 Bf3
31. Ng6 Ng4 32. h3 Qh2#
0-1

[Event "Fisher knockout"]
[Site "SchemingMind.com"]
[Date "2008.02.28"]
[Round "-"]
[White "MazetaFighter"]
[Black "toguints"]
[Result "1-0"]
[WhiteCountry "GRE"]
[BlackCountry "PHI"]
[WhiteElo "1956"]
[WhiteRD "79"]
[BlackElo "1231"]
[BlackRD "91"]
[GameID "143724"]

1. e4 e5 2. Nf3 Nc6 3. Bb5 Nge7 4. Nc3 a6 5. Bc4 Ng6 6. d4 Bb4 7. O-O O-O 8. Nd5 Na5 9. Bd3 Bd6 10. Bg5 f6
11. Bd2 Nc6 12. c3 Be7 13. Nxe7+ Ncxe7 14. Re1 b5 15. Qb3+ Kh8 16. Rad1 d5 17. dxe5 Nxe5 18. Nxe5 fxe5 19. exd5 Nxd5 20. Rxe5 Bb7
21. Bb1 Qf6 22. Rf5 Qc6 23. Rxf8+ Rxf8 24. Qc2 Nf6 25. f3 g6 26. Bh6 Rf7 27. Rd8+ Ng8 28. Be3 Kg7 29. Qd2 Qe6 30. Bd4+ Nf6
31. Bxf6+ Rxf6 32. Qd7+ Qxd7 33. Rxd7+ Kh6 34. Rxc7 Ba8 35. Re7 Rd6 36. Kf2 Rd2+ 37. Re2 Rd1 38. Be4 Bxe4 39. fxe4 Ra1 40. e5
1-0

[Event "Fisher knockout"]
[Site "SchemingMind.com"]
[Date "2008.02.28"]
[Round "-"]
[White "Clive Everill"]
[Black "aston294"]
[Result "1-0"]
[WhiteCountry "CZE"]
[BlackCountry "ENG"]
[WhiteElo "1680"]
[WhiteRD "52"]
[BlackElo "1074"]
[BlackRD "91"]
[GameID "143725"]

1. e4 e5 2. Nf3 Nf6 3. Nc3 Nc6 4. d4 exd4 5. Nxd4 Nxd4 6. Qxd4 d6 7. Bg5 c5 8. Bb5+ Nd7 9. Bxd8 Kxd8 10. Qd5 Nf6
11. Qxf7 h6 12. Nd5 Nxd5 13. exd5 a6 14. Qe8+ Kc7 15. O-O axb5 16. Rfe1 c4 17. Qxb5 Bf5 18. Qxc4+ Kd7 19. Qb5+ Kc7 20. Re8 Rxe8
21. Qxe8 Bxc2 22. Rc1 g5 23. Rxc2+ Kb6 24. Qd8+
1-0

[Event "Fisher knockout"]
[Site "SchemingMind.com"]
[Date "2008.03.02"]
[Round "-"]
[White "chesshub"]
[Black "smothered mate"]
[Result "1-0"]
[WhiteCountry "FRA"]
[BlackCountry "POL"]
[WhiteElo "2333"]
[WhiteRD "75"]
[BlackElo "1938"]
[BlackRD "52"]
[GameID "144369"]

1. e4 c5 2. Nf3 d6 3. d4 cxd4 4. Nxd4 Nf6 5. Nc3 g6 6. Be3 Bg7 7. f3 O-O 8. Qd2 Nc6 9. Bc4 Bd7 10. O-O-O Qb8
11. h4 b5 12. Bd5 Rc8 13. Bxc6 Bxc6 14. h5 b4 15. Nce2 Nxh5 16. Rxh5 gxh5 17. Nf5 Bf6 18. Bg5 b3 19. Bxf6 exf6 20. Qh6
1-0

[Event "Fisher knockout"]
[Site "SchemingMind.com"]
[Date "2008.03.02"]
[Round "-"]
[White "smothered mate"]
[Black "chesshub"]
[Result "0-1"]
[WhiteCountry "POL"]
[BlackCountry "FRA"]
[WhiteElo "1964"]
[WhiteRD "53"]
[BlackElo "2341"]
[BlackRD "73"]
[GameID "144376"]

1. e4 c5 2. c3 Nf6 3. e5 Nd5 4. g3 d6 5. exd6 Qxd6 6. Bg2 Nc6 7. Ne2 Bf5 8. d4 cxd4 9. cxd4 Ndb4 10. O-O Nc2
11. Nbc3 Nxa1 12. Bf4 e5 13. dxe5 Qxd1 14. Rxd1 Nc2 15. Nb5 Rc8 16. Nec3 h6 17. Nd5 Bc5 18. Ndc7+ Kf8
0-1

[Event "Fisher knockout"]
[Site "SchemingMind.com"]
[Date "2008.03.05"]
[Round "-"]
[White "Joe Daudish"]
[Black "TRFz"]
[Result "0-1"]
[WhiteCountry "USA"]
[BlackCountry "GBR"]
[WhiteElo "1757"]
[WhiteRD "53"]
[BlackElo "2049"]
[BlackRD "54"]
[GameID "144938"]

1. d4 Nf6 2. Nf3 g6 3. Bf4 Bg7 4. e3 O-O 5. Bc4 d6 6. h3 Nbd7 7. O-O c5 8. c3 a6 9. a3 b5 10. Bb3 Nb6
11. Nbd2 a5 12. Qe2 Ba6 13. c4 bxc4 14. Bxc4 Nxc4 15. Nxc4 d5 16. b3 dxc4 17. bxc4 Rc8 18. Rfc1 cxd4 19. exd4 Nd5 20. Bg3 Nb6
21. Ne5 Qxd4 22. Rab1 Nxc4 23. Nxc4 Bxc4 24. Qxe7 Be6 25. Rxc8 Rxc8 26. Rb7 Qa1+ 27. Kh2 Bf8 28. Qg5 Qxa3 29. Be5 Bd6 30. Qf6 Bxe5+
31. Qxe5 Qc5
0-1

[Event "Fisher knockout"]
[Site "SchemingMind.com"]
[Date "2008.03.06"]
[Round "-"]
[White "TRFz"]
[Black "Joe Daudish"]
[Result "1-0"]
[WhiteCountry "GBR"]
[BlackCountry "USA"]
[WhiteElo "2049"]
[WhiteRD "54"]
[BlackElo "1757"]
[BlackRD "53"]
[GameID "144945"]

1. d4 d5 2. c4 e6 3. Nc3 Nf6 4. Bg5 Be7 5. e3 h6 6. Bh4 O-O 7. Nf3 b6 8. cxd5 Nxd5 9. Nxd5 exd5 10. Bxe7 Qxe7
11. Bd3 Be6 12. O-O c5 13. dxc5 bxc5 14. Rc1 Nd7 15. Bb5 Nb6 16. a4 c4 17. a5 Nd7 18. b3 Rfc8 19. bxc4 a6 20. Bxd7 Qxd7
21. cxd5 Qxd5 22. Qxd5 Bxd5 23. Nd4 Rab8 24. f3 f6 25. Rfd1 Rxc1 26. Rxc1 Rb4 27. Rc5 Bb7 28. Rc7 Bd5 29. Nf5 Rb5 30. e4 Bb3
31. Rxg7+ Kf8 32. Rg6 Rxa5 33. Rxf6+ Ke8 34. Rxh6
1-0

[Event "Fisher knockout"]
[Site "SchemingMind.com"]
[Date "2008.03.11"]
[Round "-"]
[White "jorge47"]
[Black "Dutch Defense"]
[Result "0-1"]
[WhiteCountry "ARG"]
[BlackCountry "USA"]
[WhiteElo "1334"]
[WhiteRD "75"]
[BlackElo "1817"]
[BlackRD "172"]
[GameID "145238"]

1. e4 e5 2. Nf3 f5 3. d4 fxe4 4. Nxe5 Nf6 5. Bc4 d5 6. Bb5+ c6 7. Ba4 Bd6 8. h3 Nbd7 9. Nxd7 Bxd7 10. Bg5 O-O
11. O-O Qb6 12. c3 Qxb2 13. Nd2 Qxc3
0-1

[Event "Fisher knockout"]
[Site "SchemingMind.com"]
[Date "2008.03.09"]
[Round "-"]
[White "jtrochez1"]
[Black "Dr_Pat"]
[Result "0-1"]
[WhiteCountry "HON"]
[BlackCountry "USA"]
[WhiteElo "1455"]
[WhiteRD "54"]
[BlackElo "1992"]
[BlackRD "50"]
[GameID "145402"]

1. e4 c5 2. Nf3 Nc6 3. Bc4 e6 4. Nc3 a6 5. a3 b5 6. Be2 Bb7 7. d3 Qc7 8. O-O Nf6 9. Ne1 Be7 10. Be3 O-O
11. Bf3 h6 12. Qd2 Ne5 13. Be2 d5 14. Nd1 Rad8 15. Qc1 dxe4 16. b3 Neg4 17. Bf4 Bd6 18. Bxd6 Qxd6 19. g3 exd3 20. cxd3 Qd5
21. f3 Qd4+ 22. Kh1 Qe5 23. Nc3 Ne3 24. Rf2 Nfg4 25. Kg1 Nxf2 26. Kxf2 Nf5 27. f4 Qd4+ 28. Kf1 Ne3+
0-1

[Event "Fisher knockout"]
[Site "SchemingMind.com"]
[Date "2008.03.09"]
[Round "-"]
[White "Dr_Pat"]
[Black "jtrochez1"]
[Result "1-0"]
[WhiteCountry "USA"]
[BlackCountry "HON"]
[WhiteElo "1992"]
[WhiteRD "50"]
[BlackElo "1455"]
[BlackRD "54"]
[GameID "145407"]

1. d4 d5 2. c4 e6 3. Nc3 Nf6 4. Bg5 Be7 5. e3 c6 6. Nf3 Nbd7 7. Bd3 O-O 8. O-O Ne8 9. Bxe7 Qxe7 10. cxd5 cxd5
11. Rc1 a6 12. Na4 e5 13. Nxe5 Nxe5 14. dxe5 Qxe5 15. Nb6 Rb8 16. Nxc8 Nf6 17. Nb6 Qxb2 18. Na4 Qe5 19. Qb3 Ne4 20. Rfd1 b5
21. Bxe4 dxe4 22. Nc5 Rfd8 23. Nd7 Rxd7 24. Rxd7 Rf8 25. Rxf7
1-0

[Event "Fisher knockout"]
[Site "SchemingMind.com"]
[Date "2008.03.14"]
[Round "-"]
[White "Kid A"]
[Black "hph46"]
[Result "0-1"]
[WhiteCountry "FIN"]
[BlackCountry "GER"]
[WhiteElo "1906"]
[WhiteRD "110"]
[BlackElo "2248"]
[BlackRD "118"]
[GameID "145600"]

1. e4 e5 2. Nf3 Nc6 3. Bb5 a6 4. Ba4 Nf6 5. O-O Be7 6. Re1 b5 7. Bb3 d6 8. c3 O-O 9. h3 Bb7 10. d4 Re8
11. Nbd2 exd4 12. cxd4 Na5 13. Bc2 c5 14. Nf1 d5 15. e5 Ne4 16. Ne3 cxd4 17. Nxd5 Bxd5 18. Bxe4 Bxe4 19. Rxe4 Nc6 20. Qb3 Qd7
21. Bf4 Qf5 22. Qd3 Nb4 23. Qb1 d3
0-1

[Event "Fisher knockout"]
[Site "SchemingMind.com"]
[Date "2008.03.16"]
[Round "-"]
[White "hph46"]
[Black "Kid A"]
[Result "1-0"]
[WhiteCountry "GER"]
[BlackCountry "FIN"]
[WhiteElo "2201"]
[WhiteRD "110"]
[BlackElo "1897"]
[BlackRD "112"]
[GameID "145604"]

1. e4 e5 2. Nf3 Nc6 3. Bc4 Nf6 4. d4 exd4 5. O-O Nxe4 6. Re1 d5 7. Bxd5 Qxd5 8. Nc3 Qh5 9. Nxe4 Be6 10. Bg5 Bd6
11. Nxd6+ cxd6 12. Bf4 Qd5 13. c3 O-O 14. Nxd4 Nxd4 15. Qxd4 Qxd4 16. cxd4 d5 17. Re2 Rac8 18. f3 h6 19. h4 Rc4 20. Rd1 Rfc8
21. Kf2 Kf8 22. Bd6+ Ke8 23. Be5 g6 24. g4 Kf8 25. Bf6 Rc2 26. Re1 a6 27. Rxc2 Rxc2+ 28. Re2 Rc4 29. Ke3 b5 30. Kf4 Kg8
31. Ke5 Rc6 32. g5 h5 33. Be7 Kg7 34. Bc5 Bf5 35. Kxd5
1-0

[Event "Fisher knockout"]
[Site "SchemingMind.com"]
[Date "2008.03.12"]
[Round "-"]
[White "Wojciech  Langer"]
[Black "Parne"]
[Result "1/2-1/2"]
[WhiteCountry "INT"]
[BlackCountry "SWE"]
[WhiteElo "1712"]
[WhiteRD "68"]
[BlackElo "1541"]
[BlackRD "81"]
[GameID "145756"]

1. c4 c6 2. Nc3 e5 3. Qc2 d5 4. e3 Bb4 5. d4 exd4 6. exd4 Bxc3+ 7. Qxc3 Nf6 8. Bd3 O-O 9. Bg5 Qe8+ 10. Ne2 Ne4
11. Bxe4 Qxe4 12. f3 Qe6 13. Qe3 dxc4 14. Qxe6 Bxe6 15. O-O Nd7 16. Nc3 Rae8 17. Rfe1 Bd5 18. Kf2 h6 19. Bf4 Rxe1 20. Rxe1 Nf6
21. Re7 Nh5 22. Nxd5 cxd5 23. Be3 g5 24. Rxb7 Rc8 25. Bd2 Nf4 26. Bc3 Nd3+ 27. Kg3 Re8 28. Rxa7 f5 29. h4 f4+ 30. Kh3 Nf2+
31. Kh2 gxh4 32. Rd7 Ra8 33. Rxd5 Rxa2 34. Rh5 Ra1 35. g3 hxg3+ 36. Kg2 Nd3 37. Rxh6 Rb1 38. Rc6 Nxb2 39. Bxb2 Rxb2+ 40. Kg1 Rb3
41. Kg2 c3 42. d5 Rb2+ 43. Kf1 Rd2 44. Rxc3 Rxd5 45. Rc4 Rf5 46. Rc7= Rf7 47. Rc5 Kg7 48. Rg5+ Kh6 49. Rg4 Kh5 50. Kg1 Rf5
51. Kf1 Kh6=
1/2-1/2

[Event "Fisher knockout"]
[Site "SchemingMind.com"]
[Date "2008.03.12"]
[Round "-"]
[White "Parne"]
[Black "Wojciech  Langer"]
[Result "0-1"]
[WhiteCountry "SWE"]
[BlackCountry "INT"]
[WhiteElo "1494"]
[WhiteRD "85"]
[BlackElo "1687"]
[BlackRD "73"]
[GameID "145765"]

1. d4 d5 2. Nc3 Bf5 3. f3 Nc6 4. e4 dxe4 5. fxe4 Bg6 6. Bf4 Qxd4 7. Nb5 Qxe4+ 8. Ne2 Qb4+ 9. Nbc3 e5 10. Be3 Be7
11. g3 Nf6 12. Bh3 Rd8 13. Bd2 O-O 14. b3 Ne4 15. Nxe4 Qxe4 16. Rf1 Nd4 17. Rf2 Nxc2+ 18. Kf1 Qh1+ 19. Ng1 Bd3+ 20. Qe2 Bxe2+
21. Kxe2 Qe4+ 22. Kd1 Nxa1 23. Re2 Qb1#
0-1

[Event "Fisher knockout"]
[Site "SchemingMind.com"]
[Date "2008.03.17"]
[Round "-"]
[White "Chess_Man01"]
[Black "Schaakmaatje"]
[Result "1-0"]
[WhiteCountry "GBR"]
[BlackCountry "NED"]
[WhiteElo "2263"]
[WhiteRD "56"]
[BlackElo "1743"]
[BlackRD "46"]
[GameID "145766"]

1. e4 c5 2. Nf3 e6 3. d4 cxd4 4. Nxd4 Bc5 5. Be3 Nf6 6. Nxe6 fxe6 7. Bxc5 Qa5+ 8. b4 Qd8 9. Nc3 d5 10. e5 Nfd7
11. Bd6 Nc6 12. f4 Nf6 13. Nb5
1-0

[Event "Fisher knockout"]
[Site "SchemingMind.com"]
[Date "2008.04.08"]
[Round "-"]
[White "Clive Everill"]
[Black "z"]
[Result "0-1"]
[WhiteCountry "CZE"]
[BlackCountry "IRQ"]
[WhiteElo "1669"]
[WhiteRD "47"]
[BlackElo "1796"]
[BlackRD "55"]
[GameID "149588"]

1. Nf3 d5 2. d4 Nf6 3. e3 Bf5 4. c4 e6 5. Nc3 c6 6. c5 Be7 7. Be2 O-O 8. O-O Nfd7 9. Bd3 Bxd3 10. Qxd3 e5
11. dxe5 Nxc5 12. Qc2 Nbd7 13. b4 Ne6 14. a3 f6 15. exf6 Bxf6 16. Bb2 Nb6 17. Ne2 Nc4 18. Bxf6 Qxf6 19. Ned4 a5 20. b5 c5
21. Nxe6 Qxe6 22. Ng5 Qh6 23. Nf3 b6 24. a4 Rxf3 25. gxf3 Qh5 26. f4 Rf8 27. Qd1 Qf5 28. Re1 Rf6 29. f3 Re6 30. e4 dxe4
31. Qd8+ Kf7 32. Qd7+ Kg6 33. Kh1 Qf6 34. Rg1+ Kh6 35. fxe4 g6 36. Qd3 Nb2 37. Qe3 Kg7 38. Raf1 Qd4 39. Qxd4+ cxd4 40. e5 Nxa4
41. Rd1 Nc3 42. Rd3 Nxb5 43. Re1 Kf7 44. Rh3 h5 45. f5 gxf5 46. Rxh5 Kg6 47. Rh3 f4 48. Rg1+ Kf5 49. Rh5+ Ke4 50. Re1+ Kd5
51. Rf5 d3 52. Rxf4 Rxe5 53. Rd1 Re3 54. Rf5+ Kc4 55. Rc1+ Nc3 56. Rf4+ Kb3 57. Rf2 Re2 58. Rf3 Rc2 59. Rg1 d2 60. Rff1 Ne2
61. Rb1+ Rb2 62. Rgd1 Rxb1 63. Rxb1+ Kc2
0-1

[Event "Fisher knockout"]
[Site "SchemingMind.com"]
[Date "2008.04.08"]
[Round "-"]
[White "z"]
[Black "Clive Everill"]
[Result "0-1"]
[WhiteCountry "IRQ"]
[BlackCountry "CZE"]
[WhiteElo "1796"]
[WhiteRD "55"]
[BlackElo "1669"]
[BlackRD "47"]
[GameID "149595"]

1. e4 a6 2. d4 b5 3. a4 Bb7 4. axb5 axb5 5. Rxa8 Bxa8 6. Bxb5 Bxe4 7. Nf3 c6 8. Bd3 Bxd3 9. Qxd3 e6 10. O-O Nf6
11. c4 d5 12. c5 Be7 13. Bf4 O-O 14. Nbd2 Qa5 15. Nb3 Qb4 16. Ra1 Nbd7 17. Ra6 Bxc5 18. Rxc6 Be7 19. Bd2 Qb7 20. Rc2 Ne4
21. Bf4 Rc8 22. Ne5 Nxe5 23. Bxe5 f6 24. Bf4 g5 25. Be3 Rxc2 26. Qxc2 Qb4 27. h3 Qe1+ 28. Kh2 Bd6+ 29. g3 Nxg3 30. fxg3 Qxg3+
31. Kh1 Qxh3+ 32. Kg1 Qxe3+ 33. Kf1 Qf3+ 34. Ke1 Bg3+ 35. Kd2 Bf4+ 36. Ke1 g4 37. Qc8+ Kg7 38. Qc2 g3 39. Nc5 Qh1+ 40. Ke2 Qg2+
41. Kd1 Qxc2+ 42. Kxc2 g2 43. Nxe6+ Kh6
0-1

[Event "Fisher knockout"]
[Site "SchemingMind.com"]
[Date "2008.04.17"]
[Round "-"]
[White "sidra"]
[Black "Wojciech"]
[Result "0-1"]
[WhiteCountry "HUN"]
[BlackCountry "POL"]
[WhiteElo "1683"]
[WhiteRD "89"]
[BlackElo "2039"]
[BlackRD "135"]
[GameID "151011"]

1. d4 Nf6 2. c4 d5 3. c5 e5 4. e3 e4 5. h3 Be7 6. a3 c6 7. b4 O-O 8. Bb2 b6 9. Be2 a5 10. cxb6 Qxb6
11. b5 cxb5 12. Nc3 b4 13. Na4 Qd6 14. Nc5 Na6 15. axb4 Nxb4 16. Bc3 Qb6 17. Na4 Qc7 18. f4 exf3 19. Nxf3 Ne4 20. Bxb4 Bxb4+
21. Kf1 Ng3+ 22. Kg1 Nxh1 23. Kxh1 Re8 24. Rc1 Qd6 25. Qb3 Bf5 26. Nc5 Rab8 27. Qd1 Rxe3 28. Na6 Ba3 29. Nxb8 Bxc1 30. Na6 Ba3
31. Kg1 Qg3 32. Kf1 Rc3 33. Ne1 Qe3 34. Nc7 Rxc7 35. Qa1 Bd6 36. Qxa5 Bg3 37. Qa8+ Rc8 38. Qxc8+ Bxc8 39. Nd3 Ba6 40. h4 Bxd3
41. Bxd3 Qf2#
0-1

[Event "Fisher knockout"]
[Site "SchemingMind.com"]
[Date "2008.04.17"]
[Round "-"]
[White "Wojciech"]
[Black "sidra"]
[Result "1-0"]
[WhiteCountry "POL"]
[BlackCountry "HUN"]
[WhiteElo "2012"]
[WhiteRD "145"]
[BlackElo "1657"]
[BlackRD "89"]
[GameID "151017"]

1. d4 d5 2. Nf3 h6 3. e3 a6 4. c4 dxc4 5. Bxc4 e6 6. O-O b5 7. Bb3 Bb7 8. e4 Bxe4 9. Nc3 Bxf3 10. Qxf3 c6
11. d5 cxd5 12. Nxd5 Ra7 13. Be3 Rd7 14. Bb6 Qc8 15. Rfc1 Qb7 16. Rc7 Rxc7 17. Nxc7+ Qxc7 18. Bxc7 Nd7 19. Qa8+ Ke7 20. Qd8#
1-0

[Event "Fisher knockout"]
[Site "SchemingMind.com"]
[Date "2008.05.04"]
[Round "-"]
[White "maro"]
[Black "mohamad_souza"]
[Result "0-1"]
[WhiteCountry "MEX"]
[BlackCountry "IRQ"]
[WhiteElo "1271"]
[WhiteRD "63"]
[BlackElo "1843"]
[BlackRD "113"]
[GameID "153324"]

1. c4 e5 2. e4 Bc5 3. Nf3 Nc6 4. d3 Nf6 5. g3 O-O 6. Be3 Bxe3 7. fxe3 d6 8. Nc3 Bg4 9. h3 Be6 10. h4 a6
11. Qb3 Rb8 12. d4 exd4 13. exd4 Bg4 14. Na4 Bxf3 15. Qxf3 Nb4 16. O-O-O Nxa2+ 17. Kb1 b5 18. cxb5 axb5 19. Nc3 Nxc3+ 20. Qxc3 Nxe4
21. Qb3 Nf2 22. Bd3 Nxh1 23. Rxh1 Qf6 24. Qc3 b4 25. Qxc7 Qxd4 26. Rd1 Qe5 27. Bc4 Rbc8 28. Qb6 Rxc4 29. Qf2 Qe4+ 30. Ka2 b3+
31. Kxb3 Rb8+ 32. Ka3 Ra4#
0-1

[Event "Fisher knockout"]
[Site "SchemingMind.com"]
[Date "2008.05.04"]
[Round "-"]
[White "mohamad_souza"]
[Black "maro"]
[Result "1-0"]
[WhiteCountry "IRQ"]
[BlackCountry "MEX"]
[WhiteElo "1843"]
[WhiteRD "113"]
[BlackElo "1271"]
[BlackRD "63"]
[GameID "153331"]

1. e4 e5 2. Nf3 d6 3. Bc4 g6 4. d4 Nc6 5. Ng5 Nxd4 6. Nxf7 Qf6 7. Nxh8 Qxh8 8. c3 Ne6 9. Qf3 Ne7 10. O-O Bd7
11. Be3 b6 12. Ba6 Nc5 13. Bxc5 h5 14. Be3 Bg4 15. Qg3 d5 16. exd5 Nxd5 17. Bb5+ Ke7 18. Bg5+ Ke6 19. Bc6 Rd8 20. Bxd8 Bd6
21. Bxd5+ Kd7 22. Bg5 e4 23. Bf4 Qf6 24. Bxd6 cxd6 25. Bxe4 Bf5 26. Bxf5+ gxf5 27. Nd2 f4 28. Qh3+ Kc7 29. Rad1 Qg5 30. Ne4 Qe5
31. Rxd6 Qxe4 32. Qd7+ Kb8 33. Rc6 Qxc6 34. Qxc6
1-0

[Event "Fisher knockout"]
[Site "SchemingMind.com"]
[Date "2008.05.31"]
[Round "-"]
[White "TRFz"]
[Black "Chess_Man01"]
[Result "1/2-1/2"]
[WhiteCountry "GBR"]
[BlackCountry "GBR"]
[WhiteElo "2185"]
[WhiteRD "58"]
[BlackElo "2277"]
[BlackRD "63"]
[GameID "156458"]

1. d4 Nf6 2. c4 g6 3. Nc3 Bg7 4. e4 d6 5. f3 O-O 6. Be3 e5 7. Nge2 c6 8. Qd2 Nbd7 9. h4 exd4 10. Nxd4 Nh5
11. Rh3 Ne5 12. g4 Nf6 13. Be2 d5 14. exd5 cxd5 15. cxd5 Nxd5 16. O-O-O Nxe3 17. Qxe3 Qb6 18. h5 Nc6 19. Nc2= Qxe3+ 20. Nxe3 g5
21. Ne4 h6=
1/2-1/2

[Event "Fisher knockout"]
[Site "SchemingMind.com"]
[Date "2008.05.31"]
[Round "-"]
[White "Chess_Man01"]
[Black "TRFz"]
[Result "1/2-1/2"]
[WhiteCountry "GBR"]
[BlackCountry "GBR"]
[WhiteElo "2277"]
[WhiteRD "63"]
[BlackElo "2185"]
[BlackRD "58"]
[GameID "156460"]

1. Nf3 Nf6 2. c4 g6 3. Nc3 Bg7 4. d4 d5 5. Qb3 dxc4 6. Qxc4 O-O 7. e4 a6 8. e5 b5 9. Qb3 Be6 10. Qa3 Nd5
11. Bxb5 c5 12. O-O cxd4 13. Nxd4 Nxc3 14. bxc3 Bd5 15. Be2 Bxe5 16. Bh6 Re8 17. Rad1 Qc7 18. Nf3 Bxf3 19. Bxf3 Nc6 20. h3 Rac8
21. Rfe1=
1/2-1/2

[Event "Fisher knockout"]
[Site "SchemingMind.com"]
[Date "2008.06.05"]
[Round "-"]
[White "Wojciech  Langer"]
[Black "Dr_Pat"]
[Result "0-1"]
[WhiteCountry "INT"]
[BlackCountry "USA"]
[WhiteElo "1686"]
[WhiteRD "71"]
[BlackElo "1937"]
[BlackRD "51"]
[GameID "157782"]

1. d4 d5 2. c4 c6 3. cxd5 cxd5 4. Nc3 Nf6 5. Nf3 Nc6 6. Bf4 Bf5 7. e3 e6 8. Bb5 Nd7 9. O-O Be7 10. Bxc6 bxc6
11. Re1 O-O 12. a3 h6 13. h3 Qb6 14. Qd2 Rfd8 15. Qe2 a5 16. Rec1 a4 17. Qd1 Qxb2 18. Nxa4 Qb7 19. Rc3 Qa6 20. Nc5 Nxc5
21. dxc5 Be4 22. Rcc1 Ra7 23. Nd2 Bh7 24. a4 Bf6 25. Ra2 Rb7 26. Qg4 Rb2 27. Rxb2 Bxb2 28. Bxh6 Bg6 29. Rb1 Bxb1 30. Nxb1 Qd3
0-1